Normal view
MARC view
- Lewitt, Ernest Henry
Entry Personal Name
001 - CONTROL NUMBER
- control field: 40924
003 - CONTROL NUMBER IDENTIFIER
- control field: NUST
005 - DATE AND TIME OF LATEST TRANSACTION
- control field: 20210314131923.0
008 - FIXED-LENGTH DATA ELEMENTS
- fixed length control field: 210314|| aca||aabn | a|a d
040 ## - CATALOGING SOURCE
- Original cataloging agency: NUST
- Transcribing agency: NUST
100 ## - HEADING--PERSONAL NAME
- Personal name: Lewitt, Ernest Henry
670 ## - SOURCE DATA FOUND
- Source citation: Work cat.: (NUST): Lewitt, Ernest Henry,, Thermodynamics applied to heat engines;, 1943.
